Normal view
MARC view
- Thesis Supervisor: Dr. Farhan Riaz
Entry Corporate Name
001 - CONTROL NUMBER
- control field: 88639
003 - CONTROL NUMBER IDENTIFIER
- control field: NUST
005 - DATE AND TIME OF LATEST TRANSACTION
- control field: 20220126090607.0
008 - FIXED-LENGTH DATA ELEMENTS
- fixed length control field: 220126|| aca||aabn | a|a d
040 ## - CATALOGING SOURCE
- Original cataloging agency: NUST
- Transcribing agency: NUST
110 ## - HEADING--CORPORATE NAME
- Corporate name or jurisdiction name as entry element: Thesis Supervisor: Dr. Farhan Riaz
670 ## - SOURCE DATA FOUND
- Source citation: Work cat.: (NUST): Rehan Jamshaid Nemati 88638, TH-SOF-1956-Bone Texture Characterization Using A Novel Texture Analysis Technique For Better Detection Of Osteoporotic Cases, 2021.
